000 00443nmm a2200145Ia 4500
008 251105s9999||||xx |||||||||||||||||und||
041 _aspa
100 _aLevine, Sheila
245 0 _aSheila Levine está muerta y vive en Nueva York
264 _a[Madrid, España] :
_bLibros del asteroide,
_c2015
300 _a288 páginas
650 _aNorth American narrative
856 _uhttps://public.digitaliapublishing.com/a/50563
942 _cCF
999 _c105733
_d105733